Basic News Writing (Record no. 3934)

MARC details
000 -LEADER
fixed length control field 00396nam a22001697a 4500
005 - DATE AND TIME OF LATEST TRANSACTION
control field 20160625103307.0
008 - FIXED-LENGTH DATA ELEMENTS--GENERAL INFORMATION
fixed length control field 160625b xxu||||| |||| 00| 0 eng d
020 ## - INTERNATIONAL STANDARD BOOK NUMBER
ISBN 81-85392-75-7
041 ## - LANGUAGE CODE
Language code of text/sound track or separate title eng
082 ## - DEWEY DECIMAL CLASSIFICATION NUMBER
Item number 9982
100 ## - MAIN ENTRY--AUTHOR NAME
Personal name Mencher, Melvin
245 ## - TITLE STATEMENT
Title Basic News Writing
260 ## - PUBLICATION, DISTRIBUTION, ETC. (IMPRINT)
Name of publisher Universal Book
Year of publication 2004
300 ## - PHYSICAL DESCRIPTION
Number of Pages 465
650 ## - SUBJECT ADDED ENTRY--TOPICAL TERM
Topical Term Mass Communication
942 ## - ADDED ENTRY ELEMENTS (KOHA)
Koha item type Books
Holdings
Lost status Damaged status Home library Current library Shelving location Date acquired Cost, normal purchase price Full call number Accession Number Koha item type
    JRU Library   SHELF-32-F 25/06/2016 250.00 9982 9982 Books
    JRU Library   SHELF-32-F 25/06/2016 250.00 9982 9983 Books